000 00848 a2200241 4500
003 OSt
005 20180116192337.0
008 120524t xxu||||| |||| 00| 0 eng d
010 _a 99026486
020 _a0393730336
040 _c0
082 0 0 _a746.0222
100 1 _aJuracek, Judy A.
_91840
245 1 0 _aSoft surfaces :
_bvisual research for artists, architects, and designers /
_cJudy A. Juracek.
250 _a1st ed.
260 _aNew York :
_bW.W. Norton,
_cc2000.
300 _a335 p. :
_bill. (chiefly col.) ;
_c29 cm. +
_e1 computer laser optical disc (4 3/4 in.)
500 _aIncludes bibliographical refrences and index
650 0 _aTextile fabrics
_91841
650 0 _aTextile fabrics in interior decoration
_91842
942 _aSADA
_cBK
_k746.0222 JUR 2000
_2ddc
999 _c352502
_d352502